01622nam a2200361 i 4500003000900000005001700009008004100026040004600067041000800113082002600121092000700147099004200154100005200196245008900248250003200337264008500369300003100454336002200485337002400507338003300531500005200564504006100616546004100677650003500718650003100753651001000784856005600794905001600850942001900866999001700885952017900902952017901081EG-GICUC20260121101520.0251217s2000    ua ||||fr|||| 001 0 ara d  a EG-GICUCbarac EG-GICUCd EG-GICUCerda  aara04221a343.6bع م . ع04221  aLaw1 10 343.6 ع م . ع  3 ed - 20000 aعمر افاروق الحسينيeمؤلف.10aعلم الإجرام وعلم العقاب /cعمر افاروق الحسيني.  aالطبعة الثالثة 1a[مكان النشر غير محدد] :b[ الناشر غير محدد],c2000.  a 583 صفحة ؛c24 سم.  2rda contentatext  2rda mediaaComputer  2rda carrieraOnline Resource  aيحتوي على فهرس بالموضوعات  aيحتوي على ارجاعات ببليوجرافية
  aالنص باللغة العربية14aعلم الإجرام2qrmak14aعلم العقاب2qrmak1 2qrmak40uhttps://fll.law.cu.edu.eg/fulltext/bksB10-07280.pdf  a75eHassnaa  2ddccBKe21n0  c51373d51373  00102ddc40708القانون الجنائيaCUbLAW1d2025-12-17l0oLaw1 10	343.6 ع م . ع  3 ed - 2000 1007280	C2pB10-07280r2025-12-17 18:33:00t2w2025-12-17yBK  00102ddc40718القانون الجنائيaCUbLAW1d2025-12-17l0oLaw1 10	343.6 ع م . ع  3 ed - 2000 1007251	C1pB10-07251r2025-12-17 18:36:00t1w2025-12-17yBK